000 00513nam a2200145Ia 4500
008 140724s9999 xx 000 0 und d
050 _aNK 9600
_b.B421 2014
100 _aBehrouzi, Farshad.
245 2 _aA video production demonstrating the abilities of color grading/ correction to film students /
_cFarshad Behrouzi.
260 _aLas PiƱas, Philippines :
_bSouthville International School and Colleges,
_cc2014.
300 _a46 p. :
_bcol. Ill. ;
_c28 cm.
521 _aMA
942 _cTH
999 _c229352
_d229352